Measuring income inequalities beyond Gini coefficient

Salvato in:
Dettagli Bibliografici
Autore principale: Nežinský, Eduard, 1972-
Altri autori: Luptáčik, Mikuláš
Natura: Capitolo di libro
Lingua:inglese
Soggetti:
Tags: Aggiungi Tag
Nessun Tag, puoi essere il primo ad aggiungerne!!

MARC

LEADER 00000nla a2200000 4500
001 0240102
005 20240502073908.7
041 0 |a eng 
044 |a SK 
245 1 0 |a Measuring income inequalities beyond Gini coefficient  |c Eduard Nežinský, Mikuláš Luptáčik 
500 |a Abstrakt 
610 2 0 |a nerovnosť príjmová 
610 2 0 |a príjmy 
610 2 0 |a modelovanie 
610 2 0 |a modely 
610 2 0 |a blahobyt 
610 2 0 |a rozvoj hospodársky 
100 1 |a Nežinský, Eduard, 1972- 
700 1 |a Luptáčik, Mikuláš